Výskyt Staphylococcus aureus v prostriedkoch MHD

Saved in:
Bibliographic Details
Main Author: Jedličková, Monika (Author)
Other Authors: Medveďová, Alžbeta (Thesis advisor)
Format: Manuscript Book
Language:Slovak
Published: 2022
Subjects:
Online Access:http://is.stuba.sk/zp/portal_zp.pl?podrobnosti=150263
Tags: Add Tag
No Tags, Be the first to tag this record!

MARC

LEADER 00000ntm a22000003a 4500
001 stuzp88990
003 SK-STU
005 20220625211342.6
007 ta
008 150427s2015----xo-----f-mn---000-0-slo-d
040 |a STU  |b slo 
041 0 |a slo 
100 1 |a Jedličková, Monika  |u 040270  |4 aut  |U FCHPT Ústav potravinárstva a výživy  |T FCHPT Oddelenie výživy a hodnotenia kvality potravín  |X 97321  |U C0270  |Y 686  |7 97321 
242 0 1 |a Prevalence of Staphylococcus aureus in public transport vehicles  |y eng 
245 1 0 |a Výskyt Staphylococcus aureus v prostriedkoch MHD 
260 |c 2022 
650 4 |a rezistencia  |2 slo 
650 4 |a MHD  |2 slo 
650 4 |a S. aureus  |2 slo 
650 4 |a antibiotiká  |2 slo 
650 4 |a public transport  |2 eng 
650 4 |a resistance  |2 eng 
650 4 |a antibiotics  |2 eng 
650 4 |a S. aureus  |2 eng 
700 1 |a Medveďová, Alžbeta  |u 040270  |k Z1  |4 ths  |U FCHPT Ústav potravinárstva a výživy  |T FCHPT Oddelenie výživy a hodnotenia kvality potravín  |X 19372  |U C0270  |Y 686  |7 A000019372 
856 4 |u http://is.stuba.sk/zp/portal_zp.pl?podrobnosti=150263